| 000 | 01268nam a2200229Ia 4500 | ||
|---|---|---|---|
| 999 |
_c36384 _d36384 |
||
| 001 | 2298 | ||
| 003 | GE_BSU | ||
| 005 | 20190527214118.0 | ||
| 008 | 181216s2011||||ge |||||||||||||| ||geo|| | ||
| 020 | _a9789941414596 | ||
| 040 | _cGE_BSU | ||
| 041 | _ageo | ||
| 080 | _a336.3+34 შ–80 | ||
| 100 |
_aშნიტგერი, ჰაინრიჰ _91696 |
||
| 245 |
_aგადახდისუუნარობის საქართველოს კანონი: _bდახასიათება და შედარება გაკოტრების საქართველოს კანონსა და საერთაშორისო სტანდარტებთან / _cჰაინრიჰ შნიტგერი, როინ მიგრიაული. |
||
| 264 |
_aთბილისი : _bსიესტა, _c2011. |
||
| 300 |
_a137 გვ.; _b23 სმ. |
||
| 653 | _a გადახდისუუნარობის საქართველოს კანონი | ||
| 653 | _aსაქართველოს კანონი გაკოტრების შესახებ | ||
| 700 |
_aმიგრიაული, როინ _eავტორი _91056 |
||
| 942 |
_cBK _2udc |
||